| 000 | 00440cam a2200181ua 4500 | ||
|---|---|---|---|
| 003 | OSt | ||
| 008 | 250707b |||||||| |||| 00| 0 eng d | ||
| 020 | _a81-85614-44-X | ||
| 041 | _aeng | ||
| 082 |
_a624.18341 _bSYA/RE |
||
| 100 |
_aSyal, I C . _97527 |
||
| 245 | _aReinforced concrete structures / | ||
| 250 | _a3 / | ||
| 260 |
_a : _bAheeler publishing , _c1994. |
||
| 300 | _a743 ; . | ||
| 700 | 1 |
_aGoel, A K . _97528 |
|
| 942 | _cBK | ||
| 999 |
_c1898 _d1898 |
||